000 00475nam a22001577a 4500
005 20240514110345.0
008 240514b |||||||| |||| 00| 0 eng d
082 _a005.75
_bBAU-D
100 _aBauwens;Christians
245 _aDevelop PL/SQL Progrm Units/
_bOracle 8.0/
_cChristian Bauwens
260 _aUSA;
_bOracle Corporation;
_c1998
300 _axvii, 386 p.:
_bill;
_c24 cm.
650 _aComputer Science /Computer Programming
700 _aEllen Gravina
999 _c35771
_d35771